000 00582aas a2200181 4500
999 _c61092
_d61092
001 768714001
003 CO-MdFUSB
005 20170829162438.0
008 170829s2005 xxu||||| |||| 00| 0 eng d
022 _a0120-3649
040 _aCO-MdFUSB
_bspa
_cCO-MdFUSB
_dCO-MdFUSB
041 _aeng
245 1 0 _aScholars fear to publish ancient house shrine
300 _aVolumen 31. Número 6 (2005), páginas 20-25
_c: 28 cm.
546 _aTexto en inglés
773 0 _tBiblical Archaeology Review
_049395
_959451
_gVolumen 31. Número 6 (2005), páginas 20-25
_qPágina 20
942 _cANA